000 00393nam a2200157 4500
999 _c2878
_d2878
008 200317b ||||| |||| 00| 0 eng d
082 0 0 _a623.89
_bK321
100 _91932
_aKemp
245 1 0 _aNotes on compass work /
_cby Kemp and Young
250 _a2nd ed.
260 _aLondon
_bStanford Maritime
_c1974
300 _a111 p.
650 0 _aCompass
700 _91933
_aYoung
942 _2ddc
_cBK